Jednorazová mzda a poistné - príspevky do povinných fondov

Výpočet povinného poistného do fondov a jeho zrážka z bežného príjmu zamestnanca. Rozdielny spôsob rozdelenia poistného. Pomerný spôsob rozdelenia poistného. Čiastkový základ dane z pravidelného príjmu. Čiastkový základ dane z jednorazovej mzdy.

Saved in:
Bibliographic Details
Main Author: Piršelová, Dagmar
Format: Book Chapter
Language:Slovak
Subjects:
Tags: Add Tag
No Tags, Be the first to tag this record!

MARC

LEADER 00000naa a2200000 4500
001 r018537
005 20221208131105.2
041 0 |a slo 
044 |a CZ 
245 1 0 |a Jednorazová mzda a poistné - príspevky do povinných fondov  |c Dagmar Piršelová 
520 |a Výpočet povinného poistného do fondov a jeho zrážka z bežného príjmu zamestnanca. Rozdielny spôsob rozdelenia poistného. Pomerný spôsob rozdelenia poistného. Čiastkový základ dane z pravidelného príjmu. Čiastkový základ dane z jednorazovej mzdy. 
610 2 0 |a fondy podnikové 
610 2 0 |a poistné 
610 2 0 |a dane z príjmov 
610 2 0 |a mzdy 
610 2 0 |a dane zo mzdy 
610 2 0 |a zrážky zo mzdy 
100 1 |a Piršelová, Dagmar